Zverejňovanie účtovnej závierky podnikateľov

Bibliographic Details
Main Author: Horváthová, Mária (Author)
Format: Article
Language:Slovak
ISSN:1335-2024
Subjects:

MARC

LEADER 00000nab a2200000 ar4500
001 vtls009938254
003 SK-MaSNL
005 20260303045041.0
008 090810c2008 xo mr|p|||||||000 b|slo
015 |a SNBRA2009/08  |2 snkbucl 
038 |a SNKBUCL 
040 |a SNKBUCL  |b slo  |c SNKBUCL  |e AACR2 
041 0 |a slo 
044 |a xo  |c SK 
080 |a 657.37:347.136  |2 2001 
080 |a 347.136  |2 2001 
100 1 |a Horváthová, Mária  |4 aut  |9 269125 
245 1 0 |a Zverejňovanie účtovnej závierky podnikateľov  |c Mária Horváthová 
650 0 7 |a účtovná závierka  |2 snkbucl  |9 59787 
650 0 7 |a zverejňovanie údajov  |2 snkbucl  |9 58139 
773 0 |t Účtovníctvo. Audítorstvo. Daňovníctvo v teórii a praxi  |g Roč. XVII, č. 5 (2009), s. 146-149  |x 1335-2024 
852 |a SNK  |b KIS3GCP 
999 |c 1702377  |d 1704307